| 000 | 00493nam a2200145 i 4500 | ||
|---|---|---|---|
| 001 | 70652 | ||
| 003 | ES-MaACL | ||
| 007 | t| | ||
| 008 | 040729s1922 sp ||||1| spa d | ||
| 100 | 1 |
_aGardó, José. _955519 |
|
| 245 | 1 | 4 |
_aLos gráficos _b: estudio de su confección y empleo en la contabilidad y organización del comercio, industria y banca / _cJosé Gardó. |
| 260 |
_a[Barcelona : _bs.n., _c1922] ( _fLa Neotipia) |
||
| 300 |
_a101 p. : _bgráf. ; _c18 cm. |
||
| 852 |
_aES-MaACL _jG-3544 |
||
| 999 |
_c70652 _d70652 |
||